000 00544nam a22001697a 4500
010 _aENG-120508
020 _a9788179662595
_c280.00
035 _aEN-104040
037 _bDBAD/PUB
082 _a155.9042
100 _aRishi
245 _aStress and its management :
_cby Rishi
_bpath breaking technique of mind control /
260 _aChennai
_bEmerald Publishers
_c2017
270 _a15A, First Floor, Casa Major Road, Egmore,
_bChennai
_e600008
300 _a142p. :
_c21cm(Hb).
_bill.
942 _2ddc
_cEN
_h155.9042
_mRIS
999 _c144159
_d144159